000
00290nam a22001097a 4500
082
_a
808 STA'C
100
_a
STALLMAN, R. W,WATTERS, R. E
_9
57918
245
_a
THE CREATIVE READER AN ANTHOLOGY OF FICTION DRAMA AND POETRY
260
_a
NEWYORK
_b
RONALD
_c
1954
300
_a
923P
942
_c
BK
999
_c
568157
_d
568157